01698nmm a2200277 i 4500003000900000005001700009007000300026008004100029040003300070100003100103245026900134264003800403300005400441336002700495337002900522338003900551347003100590502017600621504003000797505023200827650005701059650005301116650006601169700004501235856014001280DO-SdISF20250403120521.0ta240214s2020 dr a|||fom|d| 001 0 spa d aCGIP0030bspaerdacCGIP00301 aBanks, Carlos Edgareautor10aDiseño de un instrumento de medición de la favorabilidad del entorno para la práctica de la educación física desde la prespectiva del perfil del docente en la República Dominicana /csustentada : Carlos Edgar Banks ; asesor : Diego la Rotta Villamizar  1aSanto Domingo :bISFODOSU, c2020 a1 recurso en línea (65 hojas) :bilustraciones  2rdacontentatextobtxt 2rdamediaacomputadorabc 2rdacarrierarecurso en líneabcr 2rdaaarchivo de textobPDF aTesis para optar por el título de Maestría en Educación Física Integral - Instituto Superior de Formación Docente Salomé Ureña - ISFODOSU, Recinto EMH, 2020  aBibliografía en hoja 66 aIntroducción al problema de investigación 1 - Revisión de la literatura 16 - Metodología 35 - Presentación de los resultados 48 - Interpretación de los resultados 55 - Referencias bibliográficas 66 - Apéndice 7814aEducación físicazRepública Dominicana2armarc17aPersonal docentexPráctica profesional2armarc17aInstrumentos de mediciónxDiseño y construcción2armarc1 aLa Rotta Villamizar, Diego Rafaeleautor yClic para ver Texto Completouhttps://biblioteca.isfodosu.edu.do/cgi-bin/koha/opac-retrieve-file.pl?id=af49ebc72841ba66bb034c5d01893412